Equaçoes diferenciais ordinarias
Saved in:
| Hovedforfatter: | |
|---|---|
| Format: | Bog |
| Sprog: | portugisisk |
| Udgivet: |
Sao Paulo
Universidade de Sao Paulo
1973
|
| Udgivelse: | 2a. ed |
| Fag: | |
| Tags: |
Tilføj Tag
Ingen Tags, Vær først til at tagge denne postø!
|
MARC
| LEADER | 00000nam a2200000 a 4500 | ||
|---|---|---|---|
| 001 | UCP0074 | ||
| 003 | CL-VaPUC | ||
| 008 | 990128e19730000BL |||||||||||||||||por|d | ||
| 082 | 0 | 4 | |a 515.35 |b MUN |2 21 |
| 100 | |a Oliva, Waldyr Muniz |e autor |9 425015 | ||
| 245 | 1 | 0 | |a Equaçoes diferenciais ordinarias |
| 250 | |a 2a. ed | ||
| 300 | |a 99 p | ||
| 942 | |c BK | ||
| 945 | |d 19990128 00:00:00 |a crobeson | ||
| 260 | |a Sao Paulo |b Universidade de Sao Paulo |c 1973 | ||
| 650 | 0 | |a Ecuaciones diferenciales |9 260083 | |
| 650 | 7 | |a ECUACIONES DE PRIMER ORDEN |2 CL-VaPUC |9 425016 | |
| 650 | 7 | |a TEORIA DE EXISTENCIA |2 CL-VaPUC |9 425017 | |
| 650 | 7 | |a TEORIA DE UNICIDAD |2 CL-VaPUC |9 425018 | |
| 650 | 7 | |a TEOREMA DE POINCARE |2 CL-VaPUC |9 425019 | |
| 583 | |a last modification |c 19990128 00:00:00 |k Rodrigo Vera | ||
| 999 | |c 278960 |d 278958 | ||
| 952 | |0 0 |1 0 |4 0 |6 515_350000000000000_MUN_1973 |7 0 |8 A |9 317785 |a BIBMAT |b BIBMAT |d 2019-11-20 |i 1323024 |o 515.35 MUN 1973 |p 1323024 |r 2025-01-07 |w 2019-11-20 |y BK |k MAT | ||